000 00551cam a2200145 4500500
005 20251228093426.0
041 _afre
042 _adc
100 1 0 _aFrankel, Jonathan
_eauthor
245 0 0 _aClaudie WEILL Les cosmopolites Socialisme et judéité en Russie (1897-1917) Paris : Syllepse, 2004, 189p.
260 _c2005.
500 _a51
786 0 _nCahiers du monde russe | Vol 46 | 4 | 2005-11-01 | p. 859zn-990zn | 1252-6576
856 4 1 _uhttps://shs.cairn.info/revue-cahiers-du-monde-russe-2005-4-page-859zn?lang=fr&redirect-ssocas=7080
999 _c1604366
_d1604366